| 000 | 00662cam a2200217 4500 | ||
|---|---|---|---|
| 001 | sa 68013698 | ||
| 003 | DLC | ||
| 005 | 20260227112624.0 | ||
| 008 | 691210s1964 ii 000 0 eng | ||
| 010 | _asa 68013698 | ||
| 025 | _aPL480:I-E-10771 | ||
| 040 |
_aDLC _cDLC _dDLC |
||
| 050 | 0 | 0 |
_aHD879.M444 _bA5 |
| 082 | 0 | 0 | _a354.54/792/00823 |
| 110 | 1 |
_aMaharashtra, India (State). _bPanel on Land Administration, Land Records, Land Acquisition and Land Reforms. |
|
| 245 | 0 | 0 | _aReport of the panel on land administration. |
| 260 |
_a[Bombay? _c1964?] |
||
| 300 |
_a27 p. _c31 cm. |
||
| 500 | _aCover title. | ||
| 650 | 0 |
_aLand use _zIndia _zMaharashtra (State) |
|
| 999 |
_c85269 _d85269 |
||